000 00290nam a22001337a 4500
008 190129b xxu||||| |||| 00| 0 eng d
020 _a9780395906651
041 _aeng
080 _a591
100 _a7
101 _aZOO
245 _aButterflies and Moths
_cOpler, P.A
942 _2udc
_cBK
999 _c53890
_d53890